Lieux où les Mugiwaras ont été envoyés quand ils ont été séparés - Statistiques

Statistiques générales
  • Ce quiz a été pris 13 fois
  • Le résultat moyen est 2 sur 12
Statistiques - réponses
Personnage Lieu % Correct
Luffy Amazon Lily
100%
Sanji Kedétrav
38%
Usopp Archipel de Boing
23%
Luffy Ruskaina
23%
Nami Wheatheria
23%
Robin Tequila Wolf
15%
Robin Baltigo
8%
Franky Baldimore
0%
Brook Harahettania
0%
Brook Kenzan
0%
Zoro Lugubra
0%
Chopper Royaume Dézoizo
0%
Aucun quiz correspondant
Distribution des résultats
% des personnes avec chaque résultat
Percentile par nombre de réponses
Votre historique - résultats
Vous n’avez pas pris ce quiz